Genoa CFC Squad 2020-2021 - Statistics

General Stats
  • This quiz has been taken 35 times
    8 since last reset
  • The average score is 18 of 40
Answer Stats
# Position Nation Player % Correct
1 GK Italy Mattia Perin
100%
2 DF Colombia Cristian Zapata
83%
14 DF Italy Davide Biraschi
83%
19 FW North Macedonia Goran Pandev
83%
23 FW Italy Mattia Destro
83%
4 DF Italy Domenico Criscito
67%
61 FW Uzbekistan Eldor Shomurodov
67%
9 FW Italy Gianluca Scamacca
67%
21 MF Serbia Ivan Radovanović
67%
20 MF Netherlands Kevin Strootman
67%
8 MF Denmark Lukas Lerager
67%
13 DF Italy Mattia Bani
67%
47 MF Croatia Milan Badelj
67%
11 MF Switzerland Valon Behrami
67%
- Coach Italy Davide Ballardini
50%
77 MF Italy Davide Zappacosta
50%
24 MF Italy Filippo Melegoni
50%
29 MF Italy Francesco Cassata
50%
99 MF Germany Lennart Czyborra
50%
37 FW Croatia Marko Pjaca
50%
32 GK Italy Alberto Paleari
33%
55 DF Italy Andrea Masiello
33%
5 DF Italy Edoardo Goldaniga
33%
22 GK Italy Federico Marchetti
33%
25 DF Cameroon Jérôme Onguéné
33%
88 MF Italy Luca Pellegrini
33%
38 GK Czech Republic Lukáš Zima
33%
16 MF Slovenia Miha Zajc
33%
65 MF Italy Nicolò Rovella
33%
18 MF Italy Paolo Ghiglione
33%
27 MF Italy Stefano Sturaro
33%
79 FW Switzerland Darian Males
17%
30 FW Italy Giuseppe Caso
17%
20 MF Denmark Lasse Schøne
17%
17 MF Italy Manolo Portanova
17%
17 MF Croatia Petar Brlek
17%
- Coach Italy Rolando Maran
17%
70 FW Italy Vittorio Parigini
17%
26 FW Romania Claudiu Micovschi
0%
45 FW Sweden Joel Asoro
0%
No matching quizzes found
Score Distribution
Percent of People with Each Score
Percentile by Number Answered
Your Score History
You have not taken this quiz since the last reset